Moquegua. Patrimonio patrimonio arquitectónico y urbanístico : (Registro nro. 62625)

Detalles MARC
000 -LEADER
campo de control de longitud fija 02509cam a2200385 i 4500
003 - IDENTIFICADOR DE NÚMERO DE CONTROL
campo de control PE-LiUPU
005 - FECHA Y HORA DE LA ÚLTIMA TRANSACCIÓN
campo de control 20250731183448.0
008 - DATOS DE LONGITUD FIJA--INFORMACIÓN GENERAL
campo de control de longitud fija 180814e201712 pe ab b f000 0 spa d
040 ## - FUENTE DE CATALOGACIÓN
Centro catalogador/agencia de origen H7K
Lengua de catalogación spa
Normas de descripción rda
Centro/agencia transcriptor PE-LiUPU
Centro/agencia modificador PE-LiUPU
050 00 - SIGNATURA TOPOGRÁFICA DE LA BIBLIOTECA DEL CONGRESO
Número de clasificación NA9178.M65
Número de ítem P56 2017
082 00 - NÚMERO DE LA CLASIFICACIÓN DECIMAL DEWEY
Número de clasificación 720.98534
Cutter P644m
Número de edición 23
100 1# - ENTRADA PRINCIPAL--NOMBRE DE PERSONA
Nombre de persona Pimentel Gurmendi, Víctor,
Fechas asociadas al nombre 1928-
Término indicativo de función/relación autor.
245 10 - MENCIÓN DEL TÍTULO
Título Moquegua. Patrimonio patrimonio arquitectónico y urbanístico :
Resto del título Contiene 7 planos
Medio [Planos] /
Mención de responsabilidad, etc. Víctor Pimentel Gurmendi.
250 ## - MENCION DE EDICION
Mención de edición Primera edición.
264 #1 - PRODUCCIÓN, PUBLICACIÓN, DISTRIBUCIÓN, FABRICACIÓN Y COPYRIGHT
Producción, publicación, distribución, fabricación y copyright [Moquegua, Perú] :
Nombre del de productor, editor, distribuidor, fabricante Universidad Nacional de Moquegua,
Fecha de producción, publicación, distribución, fabricación o copyright 2017.
300 ## - DESCRIPCIÓN FÍSICA
Extensión 07 planos ;
Dimensiones 70 x 50 centímetros.
336 ## - TIPO DE CONTENIDO
Término de tipo de contenido text
Código de tipo de contenido txt
Fuente rdacontent
336 ## - TIPO DE CONTENIDO
Término de tipo de contenido still image
Código de tipo de contenido sti
Fuente rdacontent
337 ## - TIPO DE MEDIO
Nombre/término del tipo de medio unmediated
Código del tipo de medio n
Fuente rdamedia
338 ## - TIPO DE SOPORTE
Nombre/término del tipo de soporte volume
Código del tipo de soporte nc
Fuente rdacarrier
500 ## - NOTA GENERAL
Nota general "Arquitectura de Moquegua / Graciela Viñuelas y Ramón Gutiérrez"--p. 172-189.
500 ## - NOTA GENERAL
Nota general "Los elementos de la forma en la arquitectura doméstica moqueguana" / Guillermo Pérez -- p. 190-210.
501 ## - NOTA DE CON
Nota de “Con” Folder con 7 planos
504 ## - NOTA DE BIBLIOGRAFÍA, ETC.
Nota de bibliografía, etc. Incluye referencias bibliográficas.
505 ## - NOTA DE CONTENIDO CON FORMATO
Nota de contenido con formato N. 7-1802-597. RED ARTERIAL Y ZONIFICACIÓN GENERAL, OFICINA NACIONAL DE PLANEAMIENTO Y URBANISM0, AGOSTO 1958 (REDUCCIÓN AL 60%) -- S/N, PLANO MONUMENTAL DE MOQUEGUA AFECTADO POR ENSANCHE DE CALLES SEGÚN PROYECTOS DE ONPU (PLA NO N. 7-1802-597), OFICINA NACIONAL DE PLANEAMIENTO Y URBANISMO, MARZO 1966 (REDUCCION AL 89%) -- R.M.O01, PLANO MONUMENTAL DE MOOUEGUA, OFICINA NACIONAL DE PLANEAMIENTO Y URBANISMO, MARZO 1966 (REDUCCIÔN AL 81%) -- R.M.002. PLANO MONUMENTAL DE MOQUEGUA AFECTADO POR ENSANCHE DE CALLES SEGÚN PROYECTOS DE ONPU (PLANON. 7-1802-597), OFICINA NACIONAL DE PLANEAMIENTO Y URBANISMO, MARZO 1966 (REDUCCIÓN AL 88%) -- R.M.O03, ELEVACIONES CON FRENTE A LA PLAZA DE ARMAS DE LA CIUDAD DE MOQUEGUA, OFICINA NACIONAL DE PLANEAMIENTO Y URBANISMO, MARZO 1966 (REDUCCIÓN AL 81%) -- R.M. 004, CALLE TÍPICA DE LA CIUDAD DE MOQUEGUA, ONPU, MARZO 1966 (REDUCCIÓN AL 91%) -- A0001, PAROUE INFANTIL MOQUEGUA, CORPORACIÚN NACIONAL DETURISMO DEL PERÚ, MAYO 1964 (REDUCCIÓN AL 65%)
526 ## - NOTA DE INFORMACIÓN SOBRE EL PROGRAMA DE ESTUDIO
Nombre del programa Maestría Bim Facility Management (A distancia)
526 ## - NOTA DE INFORMACIÓN SOBRE EL PROGRAMA DE ESTUDIO
Nombre del programa
526 ## - NOTA DE INFORMACIÓN SOBRE EL PROGRAMA DE ESTUDIO
Nombre del programa Educación musical y artes
526 ## - NOTA DE INFORMACIÓN SOBRE EL PROGRAMA DE ESTUDIO
Nombre del programa Educación, especialidad educación física
526 ## - NOTA DE INFORMACIÓN SOBRE EL PROGRAMA DE ESTUDIO
Nombre del programa Arquitectura
651 14 - PUNTO DE ACCESO ADICIONAL DE MATERIA--NOMBRE GEOGRÁFICO
Nombre geográfico Moquegua (Ciudad)
Subdivisión general Conservación y restauración
Subdivisión de forma Planos.
9 (RLIN) 4415
710 ## - ENTRADA AGREGADA--NOMBRE DE ENTIDAD CORPORATIVA
Nombre de entidad corporativa o nombre de jurisdicción como elemento de entrada Universidad Nacional de Moquegua.
9 (RLIN) 4414
942 ## - ELEMENTOS DE ENTRADA SECUNDARIOS (KOHA)
Fuente del sistema de clasificación o colocación Clasificación Decimal Dewey
Tipo de ítem Koha Materiales visuales
Suprimir en OPAC No
980 ## - EQUIVALENCIA O REFERENCIA-CRUZADA-MENCIÓN DE SERIE--NOMBRE DE PERSONA/TÍTULO [LOCAL, CANADÁ]
ID del usuario creador del registro 18226
Nombre del creador del registro Jaime Vilcazán Jefe de Análisis Documental
ID del último usuario que modificó el registro 1
Nombre del último usuario que modificó el registro ALBERTO SANCHEZ Responsable de Automatización
Existencias
Visto por última vez Total de préstamos Signatura topográfica completa Código de barras Copia número Coste, precio de reemplazo Fecha de reemplazo Facultad Tipo de ítem Koha Estado de pérdida Fuente del sistema de clasificación o colocación Especificación de materiales (volumen encuadernado u otra parte) Restricciones de uso No para préstamo Colección Programa académico Biblioteca de origen Biblioteca actual Ubicación en estantería Fecha de adquisición Fuente de adquisición
2025-12-03   720.98534 P644m 82266 e1 30.00 2024-09-18 FIA Materiales visuales No Perdido Clasificación Decimal Dewey Planos Restringido Disponible para préstamos Colección General Arquitectura Biblioteca CRAI UPeU Lima Biblioteca CRAI UPeU Lima Sala principal 2021-11-19 Donación, Universidad Nacional de Moquegua